=LDR 00000nam 2200000 4500 =001 INLIS000000000016905 =005 20200916121934 =035 ##$$a 0010-061300000016905 =008 200916################g##########0#ind## =041 ##$$a Ind =082 ##$$a 2x7 =090 ##$$a 2x7, Nau a =100 ##$$a Naufal, Abdur Razak =245 1#$$a Allah dari segi ilmu pengetahuan modern /$c Abdur Razak Naufal ; alih bahsa, Halimuddin, SH =260 ##$$a Surabaya :$b Bina Ilmu,$c 1983 =300 ##$$a 204 hlm. ; $c 21 x 14 cm. =650 #4$$a Islam - Ilmu Pengetahuan =850 ##$$a NBPNMAT =084 ##$$a 2x7 NAU a =250 ##$$a cet. 1 =700 #$$a Halimuddin =990 ##$$a 20403601 =990 ##$$a 20403602